00541cam a22002171 4500001001300000003000400013005001700017008004100034010001700075035002000092040001800112042001200130050001600142100003400158245004300192260001000235300003400245500001500279650001200294999001700306ne 64002545 DLC20260227111805.0890402s1963 xx ab 000 0 ara  ane 64002545  a(OCoLC)23519193 aDLCcMiUdDLC apremarc00aDS149b.A791 aʻAṭīyah, ʻAlī Imām.13aal-Ṣahyūnīyah al-ʻālamīyah. c1963. a328 p.billus., maps.c24 cm. aRomanized. 0aZionism c47470d47470